1587 1458 1525 1318 1208 1448 1980 1562 1660 1734 1808 1631 1669 1988 1175 1775 1984 1235 1664 1422 1522 1618 1936 1773 1148 1479 1304 1929 1748 1605 1965 1687 1613 1456 1476 1148 1748 1500 1946 1279 1779 1049 1869 1055 1894 1540 1039 1807 1149 1930 1141 1623 1844 1573 1396 1884 1611 1258 1912 1095 1974 1664 1863 1665 1734 1637 1672 1764 1383 1305 1190 1954 1121 1280 1525 1839 1012 1510 1974 1887 1771 1583 1784 1958 1684 1946 1451 1675 1110 1606 1331 1133 1948 1218 1820 1628 1629 1032 1557 BCNSPRNW ULIB Ver.6.0+V

เปลี่ยนเป็นภาษาไทย

Change to English
 แสดงรายละเอียดบรรณานุกรม
  กลับหน้าหลัก

Brief Record : Get Marc (ISO 2709) : E-mail record : QR code < ปิดหน้าต่าง
LEADER : 00000nam 2200000uu 4500
001    13399111983
003     ULIB
008    110627s2550||||th 000 0 tha d
020    9789747552447
090    นว.^bT111ต 2550
100 0  Tiara
245 00 ต่อรักเติมใจ/^cTiara
250    พิมพ์ครั้งที่ 2
260    กรุงเทพฯ :^bแจ่มใส,^c2550
300    236 หน้า
710 1  แจ่มใส
945    ^p149^l0^i022012
995    ทศพร
999 ^a ใช้งานได้ทุกระบบ
รายการนี้ยังไม่มีแท็ก
คุณยังไม่ได้ล็อกอิน คุณสามารถมีกิจกรรมร่วมกับเว็บไซต์ได้ แต่ต้องล็อกอินก่อน ::
  ล็อกอิน

รายการสื่อสารสนเทศ

ลำดับที่ ประเภท เลขเรียก/บาร์โค้ด สถานที่ สถานะ
- ไม่พบข้อมูล -

รายการใกล้เคียง
    ผู้แต่ง [Tiara]

BibComment


ยังไม่เคยถูกคอมเมนท์

คอมเมนท์ทรัพยากรรายการนี้
  คอมเมนท์: ต่อรักเติมใจ Tiara


 Copyright 2026. Bcnsprnw @Library